Airports' Largest Carriers Quiz Stats

 Plays Quiz Updated Jul 30, 2019

Score 0/29 Timer 04:00
9 Plays Today
Airport Airline % Correct
AtlantaDelta
94.7%
Chicago - O'HareUnited
66.6%
Dallas-Fort WorthAmerican
63.8%
Baltimore Southwest
62.4%
Chicago - MidwaySouthwest
58.7%
DetroitDelta
58.2%
MinneapolisDelta
58%
DenverUnited
56.5%
Los AngelesAmerican
54.9%
MiamiAmerican
54.8%
CharlotteAmerican
54.3%
Las VegasSouthwest
54.3%
Houston IntercontinentalUnited
52.2%
NewarkUnited
51.1%
New York - LaGuardiaDelta
50.6%
Airport Airline % Correct
PhiladelphiaAmerican
46.5%
Salt Lake CityDelta
46%
Fort LauderdaleSouthwest
45.6%
San FranciscoUnited
45.6%
Washington - DullesUnited
44.8%
OrlandoSouthwest
44.6%
PhoenixAmerican
42.4%
BostonJetBlue
41.1%
San DiegoSouthwest
40.6%
New York - JFKJetBlue
40.3%
Washington - Reagan NationalAmerican
37.8%
TampaSouthwest
36.8%
SeattleAlaska
34.1%
Portland Alaska
30.2%

You're not logged in!

Compare scores with friends on all Sporcle quizzes.
OR
Log In

Sporcle TV

Today on Sporcle TV


Watch our educational content, quiz creation guides, and fun videos on Sporcle TV.

Show Comments

Extras

Top Quizzes Today


Score Distribution

Your Account Isn't Verified!

In order to create a playlist on Sporcle, you need to verify the email address you used during registration. Go to your Sporcle Settings to finish the process.

Report this User

Report this user for behavior that violates our Community Guidelines.

Details: